000 00495nam a2200157Ia 4500
008 240729s9999 xx 000 0 und d
022 _a2322-4797
245 0 _aعلوم بهداشتی ایران
260 _aIran, Islamic Republic of
260 _bMazandaran University of Medical Sciences
650 _a Medicine (General)
650 _aMedicine
856 _uhttps://doaj.org/toc/9b3f156464ce43ada97f661ce0af2932
942 _2ddc
942 _cDOAJEJ
999 _c70905
_d70905
945 _a1
_bMadushi Gamage
_c1
_dMadushi Gamage